01079nam a2200277 4500001001300000003000400013005001700017008004100034010001700075025002000092040001800112050002100130082001700151111007800168245006700246260009000313300001800403350000900421500008800430650006000518650005700578651003800635651004000673710007100713999001700784sa 68012202 DLC20260227112608.0691014s1967 ii 100 0 eng  asa 68012202  aPL480:I-E-10009 aDLCcDLCdDLC00aHV392b.S45 196700a309.2/3/09542 aSeminar on the Concept and Methods of Public Co-operation,cDelhi,d1967.10aConcept and methods of public co-operation;ba seminar report. aNew Delhi,bCentral Institute of Research and Training in Public Co-operationc[1967] a84 p.c21 cm. a3.00 aSponsored by the Central Institute of Research and Training in Public Co-operation. 0aVolunteer workers in social servicezIndiaxCongresses. 0aAssociations, institutions, etc.zIndiaxCongresses. 0aIndiaxSocial policyxCongresses. 0aIndiaxEconomic policyxCongresses.2 aCentral Institute of Research and Training in Public Co-operation. c84380d84380